Language Quiz

Random Language Quiz

American Store Brands Quiz Stats

 Plays Quiz not verified by Sporcle

Also try: Latin Phrases
Challenge
Share
Tweet
Score 0/20 Timer 04:00
0 Plays Today
House Brand Retailer % Correct
Great Value, Sam's ChoiceWal-Mart
93.9%
Craftsman Tools, DieHard Batteries*Sears
82.3%
Geek SquadBest Buy
77.9%
Archer Farms, MeronaTarget
76.2%
Little Ones, Smart Sense*KMart
70.2%
Big Gulp, Cherrywood Cellars7-Eleven
54.7%
Kirkland SignatureCostco
53.6%
Husky ToolsThe Home Depot
51.9%
Croft & Barrow, SonomaKohl's
42.5%
Arizona JeansJ. C. Penney
40.9%
House Brand Retailer % Correct
365 Everyday ValueWhole Foods
40.3%
Big K, Private SelectionKroger
39.2%
Charles Shaw (Two Buck Chuck)Trader Joe's
35.4%
Eating Right, O OrganicsSafeway
21.5%
Monarch Notes and now SparkNotesBarnes & Noble
16%
Beauty 360, Christophe Beverly HillsCVS/Pharmacy
16%
Berkley & Jensen, Wellsley FarmsBJ's Wholesale Club
16%
Culinary Circle, Wild HarvestSuperValu
15.5%
Eight O'Clock CoffeeA&P
11%
Bengal Traders CoffeeOn the Run
6.6%

You're not logged in!

Compare scores with friends on all Sporcle quizzes.
Join for Free
OR
Log In

You Might Also Like...

Show Comments

Extras

Top Quizzes Today


Score Distribution

Your Account Isn't Verified!

In order to create a playlist on Sporcle, you need to verify the email address you used during registration. Go to your Sporcle Settings to finish the process.

Report this User

Report this user for behavior that violates our Community Guidelines.

Details: